000 00506nam a2200193 a 4500
001 1774863791249
003 YourLibrary
005 20260330151549.0
008 260330s2007##################000#0#eng##
020 _a9780763746209
082 0 4 _a362.1
_bLEV
100 1 _aLevine, Ruth,
_eauthor.
245 1 0 _aCase Studies in Global Health :
260 _bJones & Bartlett Publishers,
_c2007.
300 _a210 pages
650 0 _aMedical.
942 _cENGLISH
040 _aYourLibrary
_beng
_cYourLibrary
999 _c618182
_d618182